| 000 | 00457nam a2200157Ia 4500 | ||
|---|---|---|---|
| 008 | 221030s9999 xx 000 0 und d | ||
| 020 | _a8120322431 | ||
| 041 | _aEnglish | ||
| 100 | _aJ. S. R. Jang | ||
| 245 | 0 |
_aNeuro - Fuzzy & Soft Computing : A Computational Approach to Learning & Machine Intelligence _cby J. S. R. Jang, C. T. Sun |
|
| 260 |
_bPHI _aNew Delhi _c2014 |
||
| 300 | _a614 | ||
| 650 | _aBE Computer | ||
| 700 | _aC. T. Sun | ||
| 942 | _cBK | ||
| 999 |
_c15474 _d15474 |
||